[Event "Russian Championship B17 2016"]
[Site "Loo"]
[Date "2016.04.25"]
[Round "6.20"]
[White "Gagarin, Sergey"]
[Black "Klimentov, Evgeny"]
[Result "1-0"]
[WhiteElo "1997"]
[BlackElo "2274"]
[PlyCount "103"]
[EventDate "2016.04.20"]

1. e4 c5 2. Nf3 e6 3. d4 cxd4 4. Nxd4 Nf6 5. Nc3 Nc6 6. Ndb5 d6 7. Bf4 e5 8.
Bg5 a6 9. Na3 b5 10. Nd5 Be7 11. Bxf6 Bxf6 12. c3 Rb8 13. Nc2 Bg5 14. Be2 O-O
15. O-O Ne7 16. Ncb4 Bb7 17. a4 f5 18. exf5 Rxf5 19. axb5 axb5 20. Bd3 Rf8 21.
Be4 Nf5 22. Qd3 Qd7 23. Ra7 g6 24. Na6 Kh8 25. Nxb8 Rxb8 26. Nb6 Qd8 27. Rxb7
Rxb7 28. Bxb7 Qxb6 29. Be4 Nh6 30. Ra1 Kg7 31. b4 Ng4 32. Ra2 Bd8 33. h3 Nf6
34. Ra5 Nxe4 35. Qxe4 Be7 36. Qe3 Qc6 37. Ra7 Kf7 38. Qf3+ Qxf3 39. gxf3 d5 40.
Kf1 Ke6 41. Ke2 d4 42. Kd3 h5 43. Rxe7+ Kxe7 44. cxd4 Kd6 45. Ke4 exd4 46. Kxd4
g5 47. Ke4 Ke6 48. f4 gxf4 49. Kxf4 Kf6 50. h4 Ke6 51. Kg5 Ke5 52. f4+ 1-0

[Event "Russian Championship B17 2016"]
[Site "Loo"]
[Date "2016.04.25"]
[Round "6.21"]
[White "Shoshin, Boris"]
[Black "Mestnikov, Aisen"]
[Result "0-1"]
[WhiteElo "2055"]
[BlackElo "2190"]
[PlyCount "90"]
[EventDate "2016.04.20"]

1. d4 Nf6 2. c4 c5 3. d5 b5 4. cxb5 a6 5. b6 d6 6. Nc3 Nbd7 7. e4 g6 8. Nf3 Bg7
9. Be2 O-O 10. O-O Nxb6 11. Nd2 Ne8 12. a4 a5 13. Nb5 Ba6 14. Ra3 Nc7 15. Nb3
Bxb5 16. axb5 a4 17. Nd2 Qd7 18. Nc4 Nxc4 19. Bxc4 Nxb5 20. Rh3 Rfb8 21. f4 Nd4
22. Qe1 Rb4 23. Bd3 Rb3 24. Qh4 h5 25. f5 Rxd3 26. Rxd3 Ne2+ 27. Kh1 Nxc1 28.
Rxc1 Bxb2 29. fxg6 fxg6 30. Rg3 Kh7 31. Rf1 Bf6 32. Rxf6 exf6 33. Qxf6 Qg7 34.
Qxg7+ Kxg7 35. Ra3 Kf6 36. g4 Ke5 37. gxh5 gxh5 38. Kg2 Kxe4 39. Kg3 Kxd5 40.
Kh4 Kc4 41. Kxh5 Kb4 42. Ra2 Kb3 43. Rd2 a3 44. Rxd6 a2 45. Rb6+ Kc4 0-1

[Event "Russian Championship B17 2016"]
[Site "Loo"]
[Date "2016.04.25"]
[Round "6.22"]
[White "Scherbakov, Mikhail"]
[Black "Tkhamokov, Amir"]
[Result "1-0"]
[WhiteElo "2139"]
[BlackElo "1844"]
[PlyCount "98"]
[EventDate "2016.04.20"]

1. e4 e5 2. Nf3 Nc6 3. Bb5 f5 4. d3 fxe4 5. dxe4 Nf6 6. O-O d6 7. a3 Bg4 8. Nc3
Be7 9. h3 Bh5 10. Bc4 Qd7 11. Be3 h6 12. Nb5 O-O-O 13. b4 Nxe4 14. Bd5 Ng5 15.
Bxc6 bxc6 16. Nxa7+ Kb8 17. b5 c5 18. Nc6+ Kc8 19. Nfxe5 Bxd1 20. Nxd7 Rxd7 21.
Raxd1 Ne4 22. c4 Nc3 23. Rd3 Na4 24. Bc1 Nb6 25. Re1 Bf6 26. Re4 Rf7 27. f4 Kd7
28. g4 Re8 29. Rde3 Rff8 30. g5 hxg5 31. fxg5 Bd4 32. Nxd4 cxd4 33. Rxd4 Rxe3
34. Bxe3 Rf3 35. Bf4 Ke6 36. h4 Rxa3 37. h5 Kf5 38. h6 Ra1+ 39. Kh2 Ra2+ 40.
Kh3 Ra3+ 41. Kh4 gxh6 42. gxh6 Ra1 43. Kh3 Ra3+ 44. Kg2 Ra2+ 45. Kf3 Ra3+ 46.
Be3 Kg6 47. Rg4+ Kh7 48. Rg7+ Kh8 49. Rxc7 d5 1-0

[Event "Russian Championship B17 2016"]
[Site "Loo"]
[Date "2016.04.25"]
[Round "6.23"]
[White "Saidov, Bilukhadzh"]
[Black "Isayev, Maksym"]
[Result "1-0"]
[WhiteElo "2027"]
[BlackElo "2059"]
[PlyCount "59"]
[EventDate "2016.04.20"]

1. d4 d5 2. Nf3 Nf6 3. Bf4 Bf5 4. e3 e6 5. Nbd2 c5 6. Bxb8 Rxb8 7. Bb5+ Ke7 8.
dxc5 a6 9. Bd3 Bg6 10. O-O Ne4 11. Bxe4 Bxe4 12. Nxe4 dxe4 13. Nd4 Qc7 14. b4
g6 15. Qe2 Bg7 16. Rad1 Rbd8 17. Rd2 Rd7 18. Rfd1 Rhd8 19. Qc4 Rd5 20. g3 Kf8
21. Nb3 Qe5 22. a3 f5 23. Nd4 Kf7 24. c6 b5 25. Qb3 Ke7 26. c4 bxc4 27. Qxc4
Qc7 28. Nxe6 Rxd2 29. Rxd2 Rxd2 30. Nxc7 1-0

[Event "Russian Championship B17 2016"]
[Site "Loo"]
[Date "2016.04.25"]
[Round "6.24"]
[White "Akhtemov, Mustafa"]
[Black "Gunchenko, Vadim"]
[Result "0-1"]
[WhiteElo "1880"]
[BlackElo "2263"]
[PlyCount "70"]
[EventDate "2016.04.20"]

1. e4 c5 2. Nc3 Nc6 3. f4 g6 4. Nf3 Bg7 5. Bb5 Nd4 6. O-O e6 7. Nxd4 cxd4 8.
Ne2 Qb6 9. Bd3 Nf6 10. Ng3 d5 11. Kh1 dxe4 12. Nxe4 Nd5 13. c4 Nb4 14. c5 Qa5
15. Bb5+ Ke7 16. f5 Qxb5 17. f6+ Bxf6 18. Rxf6 Qd3 19. Qe1 g5 20. Rf3 Nc2 21.
Rxd3 Nxe1 22. Rg3 h6 23. d3 Nc2 24. Rb1 Nb4 25. a3 Nd5 26. Nd6 b6 27. b4 e5 28.
Rf3 f6 29. Rb2 Bg4 30. Rff2 Bd7 31. Nc4 Rac8 32. cxb6 axb6 33. Bd2 Bb5 34. Rc2
Rc6 35. Re2 Rhc8 0-1

[Event "Russian Championship B17 2016"]
[Site "Loo"]
[Date "2016.04.25"]
[Round "6.25"]
[White "Piskun, Denis"]
[Black "Shandrygin, Nikita"]
[Result "1/2-1/2"]
[WhiteElo "1689"]
[BlackElo "2334"]
[PlyCount "131"]
[EventDate "2016.04.20"]

1. d4 Nf6 2. c4 g6 3. Nc3 d5 4. cxd5 Nxd5 5. e4 Nxc3 6. bxc3 Bg7 7. Bc4 O-O 8.
Ne2 c5 9. O-O Nc6 10. Be3 Bd7 11. Qd2 Qa5 12. Rfd1 Rfd8 13. Rab1 cxd4 14. cxd4
Qxd2 15. Rxd2 Na5 16. Bd5 e6 17. Bb3 Bc6 18. f3 Rac8 19. Nc3 b5 20. Rd3 b4 21.
Nd1 Bb5 22. Rd2 Bc4 23. Kf2 Bxb3 24. axb3 Rd7 25. Ke2 Rcd8 26. d5 exd5 27. Rxd5
Rxd5 28. exd5 a6 29. Bd2 Rxd5 30. Bxb4 Nc6 31. Bd2 Nd4+ 32. Ke1 Be5 33. Bc3
Bxh2 34. Ne3 Rd6 35. Kf2 Bf4 36. Ng4 h5 37. Nf6+ Rxf6 38. Bxd4 Rd6 39. Be3
Bxe3+ 40. Kxe3 Rb6 41. b4 Rb5 42. Ra1 Rxb4 43. Rxa6 Rb2 44. g3 Kg7 45. Ra3 Rg2
46. Kf4 Kh6 47. Ra6 Rh2 48. Rf6 Kg7 49. Ra6 h4 50. gxh4 Rxh4+ 51. Kg3 Rb4 52.
Ra7 Kf6 53. Ra6+ Kg5 54. Ra5+ f5 55. Ra2 f4+ 56. Kh3 Rb5 57. Rg2+ Kh5 58. Ra2
Rb3 59. Rf2 g5 60. Kg2 g4 61. fxg4+ Kxg4 62. Ra2 Rg3+ 63. Kh2 Rh3+ 64. Kg1 Rb3
65. Kg2 Rg3+ 66. Kh2 1/2-1/2

[Event "Russian Championship B17 2016"]
[Site "Loo"]
[Date "2016.04.25"]
[Round "6.27"]
[White "Volobuev, Vladimir"]
[Black "Chilingaryan, Pavel"]
[Result "0-1"]
[WhiteElo "2062"]
[BlackElo "2125"]
[PlyCount "54"]
[EventDate "2016.04.20"]

1. e4 c5 2. c3 e5 3. Nf3 Nc6 4. Bd3 Nf6 5. Bc2 d5 6. exd5 Qxd5 7. d3 Be7 8. O-O
O-O 9. Re1 Bg4 10. Nbd2 Rad8 11. Qe2 Rfe8 12. Ne4 h6 13. Be3 b6 14. h3 Bh5 15.
Ba4 Rc8 16. Bb3 Qd7 17. Rad1 Qc7 18. Nxf6+ Bxf6 19. g4 Bg6 20. g5 hxg5 21. Bxg5
e4 22. Bxf6 exf3 23. Qxe8+ Rxe8 24. Rxe8+ Kh7 25. Re3 gxf6 26. Rxf3 Bh5 27.
Rxf6 Kg7 0-1

[Event "Russian Championship B17 2016"]
[Site "Loo"]
[Date "2016.04.25"]
[Round "6.28"]
[White "Selivanov, Ivan"]
[Black "Prokopov, Nikita"]
[Result "1-0"]
[WhiteElo "2194"]
[BlackElo "1682"]
[PlyCount "41"]
[EventDate "2016.04.20"]

1. e4 e5 2. Nf3 Nc6 3. Bb5 Bc5 4. O-O Nge7 5. c3 a6 6. Ba4 b5 7. Bb3 O-O 8. d4
exd4 9. cxd4 Bb6 10. Nc3 h6 11. Re1 Na5 12. Bc2 d5 13. exd5 Nxd5 14. Nxd5 Qxd5
15. Be4 Qh5 16. Bxa8 Bg4 17. Be4 Rd8 18. h3 Bc8 19. Ne5 Qh4 20. Qf3 f5 21. Bxf5
1-0

[Event "Russian Championship B17 2016"]
[Site "Loo"]
[Date "2016.04.25"]
[Round "6.29"]
[White "Mukuk, Osman"]
[Black "Bogdanov, Nikita"]
[Result "0-1"]
[WhiteElo "1712"]
[BlackElo "2025"]
[PlyCount "56"]
[EventDate "2016.04.20"]

1. e4 c6 2. d4 d5 3. Nc3 dxe4 4. Nxe4 Nd7 5. Nf3 Ngf6 6. Ng3 e6 7. c3 c5 8. Be3
Nd5 9. Be2 Be7 10. O-O O-O 11. Qd2 b6 12. c4 Nxe3 13. fxe3 Bb7 14. Rad1 Qc7 15.
d5 exd5 16. cxd5 Bd6 17. Nf5 Nf6 18. Qc3 Rae8 19. Bb5 Re4 20. Bd3 Ra4 21. e4 c4
22. Nxd6 Qxd6 23. e5 Qc5+ 24. Kh1 cxd3 25. exf6 Qxc3 26. bxc3 Rxa2 27. fxg7
Kxg7 28. c4 Ba6 {далее запись неразбор~~ива} 0-1

[Event "Russian Championship B19 2016"]
[Site "Loo"]
[Date "2016.04.25"]
[Round "6.1"]
[White "Zakaryan, David"]
[Black "Vavulin, Maksim"]
[Result "1/2-1/2"]
[WhiteElo "2342"]
[BlackElo "2474"]
[PlyCount "65"]
[EventDate "2016.04.20"]

1. Nf3 g6 2. c4 Bg7 3. d4 c5 4. e4 Qb6 5. dxc5 Qxc5 6. Nc3 Bxc3+ 7. bxc3 d6 8.
Qd4 f6 9. Be3 Qa5 10. Be2 Nc6 11. Qd2 Bg4 12. Rb1 Qc7 13. Qd5 Nd8 14. c5 dxc5
15. Qxc5 Qxc5 16. Bxc5 b6 17. Be3 e5 18. c4 Nb7 19. c5 Nxc5 20. Bxc5 bxc5 21.
Rb7 Be6 22. Bb5+ Kf8 23. Kd2 a6 24. Be2 Ne7 25. Rc1 Kf7 26. Rxc5 Bxa2 27. Ra5
Be6 28. Rxa6 Rhd8+ 29. Kc3 Rdc8+ 30. Kd2 Rd8+ 31. Kc3 Rdc8+ 32. Kd2 Rd8+ 33.
Kc3 1/2-1/2

[Event "Russian Championship B19 2016"]
[Site "Loo"]
[Date "2016.04.25"]
[Round "6.2"]
[White "Khanin, Semen"]
[Black "Anikonov, Dmitry"]
[Result "1/2-1/2"]
[WhiteElo "2396"]
[BlackElo "2387"]
[PlyCount "98"]
[EventDate "2016.04.20"]

1. e4 e6 2. d4 d5 3. e5 c5 4. c3 Nc6 5. Nf3 Bd7 6. Be2 f6 7. O-O Qc7 8. Re1
fxe5 9. Nxe5 Nxe5 10. dxe5 O-O-O 11. c4 d4 12. Bd3 Ne7 13. Nd2 Nc6 14. Nf3 h6
15. Nh4 g5 16. Ng6 Rg8 17. Nxf8 Rgxf8 18. Qe2 Nb4 19. Bd2 Nxd3 20. Qxd3 Rf5 21.
b4 Rxe5 22. Qg6 Rxe1+ 23. Rxe1 e5 24. Qxh6 g4 25. Qh5 Re8 26. bxc5 Qxc5 27. Qg6
b6 28. a4 Qc6 29. Qf7 Qxa4 30. Rc1 Qc6 31. c5 b5 32. Qg7 Kb8 33. Ra1 Ka8 34.
Ra3 a6 35. Ra1 Bc8 36. Rc1 Bb7 37. Qxg4 Qd5 38. h4 e4 39. Bg5 e3 40. fxe3 dxe3
41. Qe2 Bc6 42. Rc3 Qd2 43. Rc2 Qd4 44. Ra2 Kb7 45. Ra3 Qd2 46. Qxd2 exd2 47.
Bxd2 Re2 48. Ba5 Rxg2+ 49. Kf1 Rh2 1/2-1/2

[Event "Russian Championship B19 2016"]
[Site "Loo"]
[Date "2016.04.25"]
[Round "6.3"]
[White "Kozionov, Kirill"]
[Black "Shapiro, David"]
[Result "1/2-1/2"]
[WhiteElo "2423"]
[BlackElo "2230"]
[PlyCount "131"]
[EventDate "2016.04.20"]

1. e4 e5 2. Bc4 Nf6 3. d3 c6 4. Nf3 Be7 5. O-O d6 6. Re1 O-O 7. Bb3 Bg4 8. Nbd2
Nbd7 9. c3 Nc5 10. Bc2 Ne6 11. Nf1 Re8 12. h3 Bh5 13. Ng3 Bg6 14. Nh4 Qc7 15.
Qf3 d5 16. Nhf5 Bf8 17. h4 Nf4 18. exd5 cxd5 19. Ba4 Bxf5 20. Nxf5 Re6 21. Bb3
Rd8 22. d4 Ng6 23. h5 e4 24. Qg3 Qxg3 25. Nxg3 Ne7 26. Bf4 Nc8 27. Bg5 Nb6 28.
Re2 Rde8 29. Bf4 g6 30. hxg6 hxg6 31. Rae1 a5 32. a4 Nc8 33. Nf1 Nb6 34. Ne3
Bd6 35. Bg5 Nh7 36. Bh4 g5 37. Bg3 Bxg3 38. fxg3 Rd8 39. Rf2 f6 40. c4 dxc4 41.
Nxc4 Kg7 42. Ne3 Ree8 43. Rf5 Rxd4 44. Rc5 Rd7 45. Rxa5 Nf8 46. Rb5 Nc8 47. a5
Kg6 48. Bc2 Rc7 49. g4 Nd7 50. Rb4 Nc5 51. Rd1 Re5 52. Rc4 b6 53. b4 Na6 54.
Bxe4+ Kf7 55. Rxc7+ Nxc7 56. Rd7+ Re7 57. Rd8 Rxe4 58. Rxc8 Nb5 59. axb6 Nd6
60. Rc6 Rxe3 61. Rxd6 Re4 62. Rd7+ Ke6 63. Rb7 Rxb4 64. Rb8 Ke5 65. g3 Ke4 66.
Kf2 1/2-1/2

[Event "Russian Championship B19 2016"]
[Site "Loo"]
[Date "2016.04.25"]
[Round "6.4"]
[White "Drygalov, Sergey"]
[Black "Ivlev, Aleksey"]
[Result "1/2-1/2"]
[WhiteElo "2372"]
[BlackElo "2302"]
[PlyCount "104"]
[EventDate "2016.04.20"]

1. Nf3 d5 2. g3 Nf6 3. Bg2 e6 4. O-O Be7 5. b3 b6 6. c4 Bb7 7. Bb2 dxc4 8. bxc4
c5 9. Qc2 Nbd7 10. a4 O-O 11. a5 Qc7 12. Nc3 Rfd8 13. d3 Ne8 14. Nb5 Qc8 15.
axb6 axb6 16. Rxa8 Qxa8 17. Ra1 Qb8 18. Qa4 f6 19. Qa7 Qc8 20. Ne1 Bxg2 21.
Nxg2 Qc6 22. Ne3 h5 23. Ng2 Kf7 24. h4 Nd6 25. Qc7 Qxc7 26. Nxc7 Nf8 27. Ne3
Rd7 28. Nb5 Rb7 29. Kg2 Nd7 30. Ra8 Nb8 31. Nd1 Nc6 32. Ndc3 Rb8 33. Nxd6+ Bxd6
34. Ra6 Be5 35. Na4 Bxb2 36. Nxb2 Nd4 37. Kf1 b5 38. cxb5 Rxb5 39. Ra2 g5 40.
hxg5 fxg5 41. f3 Kf6 42. Kf2 Rb8 43. Nc4 Rb1 44. Nd2 Rc1 45. Ne4+ Kg6 46. e3
Nf5 47. g4 hxg4 48. fxg4 Nh6 49. Kf3 Nf7 50. Ra6 Ne5+ 51. Kg3 Nxd3 52. Rxe6+
Kg7 1/2-1/2

[Event "Russian Championship B19 2016"]
[Site "Loo"]
[Date "2016.04.25"]
[Round "6.5"]
[White "Yeletsky, Ivan"]
[Black "Timerkhanov, Alexander"]
[Result "1/2-1/2"]
[WhiteElo "2344"]
[BlackElo "2260"]
[PlyCount "114"]
[EventDate "2016.04.20"]

1. e4 d6 2. d4 Nf6 3. Nc3 c6 4. f4 Qa5 5. Bd3 e5 6. Nf3 Bg4 7. Be3 Nbd7 8. O-O
Be7 9. h3 Bxf3 10. Qxf3 h5 11. a3 h4 12. Ne2 Qc7 13. b4 a6 14. c4 c5 15. bxc5
exd4 16. cxd6 Bxd6 17. Nxd4 Bc5 18. e5 Nh5 19. Rab1 Rb8 20. Rfe1 Ng3 21. Bf2
O-O 22. Qg4 Rfd8 23. Qxh4 Nf8 24. Qxg3 Bxd4 25. Bxd4 Rxd4 26. Bf1 Rbd8 27. Qe3
Ne6 28. f5 Nc5 29. f6 g6 30. Rb2 Kh7 31. Qf3 R8d7 32. Rf2 Ne6 33. Kh1 Qc5 34.
g3 Qa5 35. Qe3 Qd8 36. Kh2 Qa5 37. h4 Nc5 38. Rf4 Rd2+ 39. Kh3 Ne6 40. Rf2 R2d4
41. Kh2 Nc5 42. Ree2 Rd3 43. Qg5 Ne6 44. Qg4 R3d4 45. Re4 Qxa3 46. h5 g5 47. h6
Qc5 48. Rxd4 Rxd4 49. Qf5+ Kh8 50. Bg2 Rf4 51. Rxf4 gxf4 52. gxf4 Qxc4 53. Kg3
Qc3+ 54. Bf3 Qe1+ 55. Kg2 Qd2+ 56. Kg3 Qe1+ 57. Kg2 Qd2+ 1/2-1/2

[Event "Russian Championship B19 2016"]
[Site "Loo"]
[Date "2016.04.25"]
[Round "6.6"]
[White "Ioffe, Ilya"]
[Black "Murtazin, Bulat"]
[Result "0-1"]
[WhiteElo "2185"]
[BlackElo "2319"]
[PlyCount "118"]
[EventDate "2016.04.20"]

1. e4 e6 2. d4 d5 3. Nd2 Be7 4. e5 c5 5. Qg4 Kf8 6. dxc5 Nc6 7. Ngf3 Qc7 8. Qg3
Bxc5 9. Nb3 Nb4 10. Nbd4 f6 11. Bd2 Nc6 12. Nxc6 bxc6 13. Bd3 f5 14. O-O Nh6
15. b4 Be7 16. c4 Nf7 17. cxd5 cxd5 18. Rac1 Qb6 19. a3 d4 20. Rc4 Bb7 21. Rxd4
Rd8 22. Bc3 g5 23. Rxd8+ Qxd8 24. Bc4 Qc8 25. Nd2 g4 26. Qd3 Kg7 27. Nb3 Be4
28. Qe2 Ng5 29. Nd4 h5 30. Bd2 Nf3+ 31. gxf3 gxf3 32. Nxe6+ Qxe6 33. Bxe6 fxe2
34. Re1 Bf3 35. Bc4 Kf8 36. Bxe2 Rg8+ 37. Kf1 Bg2+ 38. Kg1 Bh4 39. Be3 Be4+ 40.
Kf1 Bg2+ 41. Kg1 Bb7+ 42. Kf1 Rg2 43. Bd3 Rxh2 44. Ke2 f4 45. Bxa7 f3+ 46. Kd2
Bxf2 47. Bxf2 Rxf2+ 48. Ke3 Ra2 49. Kd4 f2 50. Rc1 Rd2 51. Rf1 Rxd3+ 52. Kxd3
Ba6+ 53. Ke3 Bxf1 54. Kxf2 Bb5 55. Kg3 Kg7 56. Kh4 Kg6 57. e6 Be8 58. e7 Bd7
59. Kg3 Kg5 0-1

[Event "Russian Championship B19 2016"]
[Site "Loo"]
[Date "2016.04.25"]
[Round "6.7"]
[White "Kuzmin, Egor"]
[Black "Zhuk, Valeriy"]
[Result "1-0"]
[WhiteElo "2242"]
[BlackElo "2310"]
[PlyCount "93"]
[EventDate "2016.04.20"]

1. Nf3 d5 2. g3 Bg4 3. Bg2 Nd7 4. c4 e6 5. O-O c6 6. d3 Ngf6 7. cxd5 exd5 8.
Qc2 Be7 9. Nc3 O-O 10. e4 Bxf3 11. Bxf3 Ne5 12. Be2 d4 13. Nd1 c5 14. f4 Nc6
15. b3 Rc8 16. Bf3 Qd7 17. Qe2 Rcd8 18. Nb2 Rfe8 19. g4 Bf8 20. Qg2 Qc7 21. Bd2
Nd7 22. Kh1 b5 23. e5 Nb4 24. Rfc1 Qb8 25. a3 Na6 26. Ba5 Nc7 27. b4 f6 28. e6
Nxe6 29. Bd5 Nb6 30. Bxb6 Qxb6 31. f5 cxb4 32. axb4 Bxb4 33. Bxe6+ Kh8 34. Rc6
Qb8 35. Nd1 a5 36. Nf2 Rd6 37. Rxd6 Qxd6 38. Ne4 Qf8 39. g5 a4 40. gxf6 gxf6
41. Rg1 Be7 42. Qb2 b4 43. Qxd4 Rd8 44. Qa7 b3 45. Rg8+ Qxg8 46. Bxg8 b2 47.
Ba2 1-0

[Event "Russian Championship B19 2016"]
[Site "Loo"]
[Date "2016.04.25"]
[Round "6.8"]
[White "Khramov, Andrey"]
[Black "Najdin, Danil"]
[Result "0-1"]
[WhiteElo "2125"]
[BlackElo "2305"]
[PlyCount "164"]
[EventDate "2016.04.20"]

1. e4 e5 2. Nf3 Nc6 3. Bb5 a6 4. Ba4 Nf6 5. O-O b5 6. Bb3 Bc5 7. c3 d6 8. a4
Rb8 9. d4 Bb6 10. Na3 O-O 11. axb5 axb5 12. Nxb5 Bg4 13. Bc2 Bxf3 14. gxf3 exd4
15. Nxd4 Nxd4 16. cxd4 Nh5 17. Kh1 Qf6 18. Be3 Nf4 19. Rg1 Ra8 20. Rxa8 Rxa8
21. Bb3 Nd3 22. f4 Nxf4 23. e5 dxe5 24. Qf3 Qd8 25. dxe5 Bxe3 26. Qxe3 Ne6 27.
f4 Qd4 28. Qxd4 Nxd4 29. Bc4 Kf8 30. Kg2 Rb8 31. b3 Ra8 32. Rd1 c5 33. Rd2 Ra1
34. Rb2 Ke7 35. Bd5 Ne6 36. Rf2 Re1 37. Bc4 f6 38. exf6+ Kxf6 39. Bxe6 Kxe6 40.
Kf3 Rb1 41. Re2+ Kd5 42. Rd2+ Kc6 43. Rd3 g6 44. Ke4 Re1+ 45. Kf3 Rh1 46. Kg2
Rb1 47. Kf3 Kb5 48. Ke4 Kb4 49. Kd5 Rf1 50. Ke5 Rb1 51. Kd5 Rb2 52. h3 Rf2 53.
Ke5 Re2+ 54. Kd5 Re8 55. Rf3 Rf8 56. Ke5 Rf5+ 57. Ke4 Rh5 58. Rg3 Rh4 59. Ke5
Rh5+ 60. Ke4 Rf5 61. Rf3 Rf7 62. Ke5 Rd7 63. Ke4 Ra7 64. Kd5 Ra5 65. Ke6 Ra3
66. f5 gxf5 67. Rxf5 Rxb3 68. Rh5 Re3+ 69. Kf6 Rf3+ 70. Ke6 c4 71. Rxh7 c3 72.
Rb7+ Ka3 73. h4 c2 74. Rc7 Kb2 75. Rb7+ Rb3 76. Rc7 Rc3 77. Rb7+ Rb3 78. Rc7
Rh3 79. Rb7+ Kc3 80. Rc7+ Kd2 81. Rd7+ Rd3 82. Rc7 Rc3 0-1

[Event "Russian Championship B19 2016"]
[Site "Loo"]
[Date "2016.04.25"]
[Round "6.9"]
[White "Aleksandrovskiy, Dmitriy"]
[Black "Konaplev, Anton"]
[Result "1/2-1/2"]
[WhiteElo "2252"]
[BlackElo "2165"]
[PlyCount "193"]
[EventDate "2016.04.20"]

1. g3 d5 2. Nf3 Nf6 3. Bg2 e6 4. O-O c5 5. d4 Nc6 6. c4 dxc4 7. Qa4 Bd7 8. Qxc4
b5 9. Qxb5 Nxd4 10. Nxd4 Bxb5 11. Nxb5 Nd5 12. N1c3 a6 13. Nxd5 axb5 14. Nc3 b4
15. Nb5 Qb6 16. Bxa8 Qxb5 17. a4 bxa3 18. bxa3 Qa4 19. Bf3 Bd6 20. Be3 O-O 21.
Rfd1 Be5 22. Rac1 Bb2 23. Rb1 c4 24. Rd2 c3 25. Rdxb2 cxb2 26. Rxb2 Qxa3 27.
Rb1 Rd8 28. Kg2 Qa4 29. h3 h6 30. g4 e5 31. Kh2 Rd1 32. Rxd1 Qxd1 33. h4 Qc2
34. g5 hxg5 35. hxg5 Kf8 36. Kg2 f5 37. gxf6 gxf6 38. Bh6+ Ke7 39. e4 f5 40.
exf5 Qxf5 41. Be3 Qg6+ 42. Kh2 Ke6 43. Kh3 Kf5 44. Kh2 Qg8 45. Bg2 Qh7+ 46. Kg3
Qg6+ 47. Kh2 Qh5+ 48. Kg3 Qg4+ 49. Kh2 Qh4+ 50. Kg1 Qh5 51. f3 Qh4 52. Bf2 Qg5
53. Kh2 Kf4 54. Kg1 Qh5 55. Bh1 Qg6+ 56. Bg2 Qh7 57. Bh1 Qb1+ 58. Kh2 Qc2 59.
Kg1 Qd1+ 60. Kh2 Qf1 61. Bg3+ Ke3 62. Bxe5 Qf2+ 63. Kh3 Qg1 64. Bg2 Qb1 65. Bg3
Qf5+ 66. Kh2 Qg6 67. Bh1 Qh5+ 68. Kg1 Qh3 69. Bf2+ Ke2 70. Bg2 Qf5 71. Bg3 Qh7
72. Bh1 Qh3 73. Be5 Qh5 74. Bg3 Qh3 75. Be5 Qf1+ 76. Kh2 Qf2+ 77. Kh3 Kf1 78.
f4 Kg1 79. Bd5 Qc2 80. Kh4 Qf5 81. Bf3 Kf2 82. Bg4 Qh7+ 83. Kg5 Ke3 84. Bf5
Qe7+ 85. Kg6 Kf3 86. Kh6 Qf7 87. Bg6 Qf8+ 88. Kg5 Qe7+ 89. Bf6 Qe6 90. Be5 Qg4+
91. Kf6 Qh4+ 92. Kf7 Kg4 93. f5 Qd8 94. Bf6 Qd5+ 95. Kf8 Kf4 96. Be7 Ke5 97. f6
1/2-1/2

[Event "Russian Championship B19 2016"]
[Site "Loo"]
[Date "2016.04.25"]
[Round "6.10"]
[White "Shilyaev, Fedor"]
[Black "Litvinov, Maxim"]
[Result "1-0"]
[WhiteElo "2203"]
[BlackElo "2413"]
[PlyCount "83"]
[EventDate "2016.04.20"]

1. e4 d6 2. d4 Nf6 3. Nc3 e5 4. dxe5 dxe5 5. Qxd8+ Kxd8 6. Bg5 Be6 7. O-O-O+
Kc8 8. f3 c6 9. Nge2 Nfd7 10. Kb1 b5 11. Bc1 f6 12. g4 Nb6 13. Ng3 Kc7 14. h4
b4 15. Nce2 c5 16. g5 Nc6 17. gxf6 gxf6 18. Nh5 Be7 19. Ng7 Bf7 20. Bh3 Rhg8
21. Nf5 Bh5 22. Rdf1 Bf8 23. Neg3 Bf7 24. f4 Nd7 25. fxe5 Ncxe5 26. Bf4 Kc6 27.
h5 a5 28. Ne3 Re8 29. Bf5 h6 30. Rd1 Nb6 31. Rhf1 Be7 32. Bh3 Rd8 33. Rxd8 Bxd8
34. Nef5 Nbc4 35. b3 Na3+ 36. Kc1 Bc7 37. Ne7+ Kb5 38. Nxg8 Bxg8 39. Bxh6 c4
40. Rxf6 cxb3 41. axb3 a4 42. Bf1+ 1-0

[Event "Russian Championship B19 2016"]
[Site "Loo"]
[Date "2016.04.25"]
[Round "6.11"]
[White "Gogin, Maksim"]
[Black "Sinyanskiy, Maxim"]
[Result "0-1"]
[WhiteElo "2324"]
[BlackElo "1990"]
[PlyCount "84"]
[EventDate "2016.04.20"]

1. d4 Nf6 2. Nc3 d5 3. Bg5 Nbd7 4. e3 g6 5. Nf3 Bg7 6. Ne5 c6 7. Qd2 Nxe5 8.
dxe5 Ng4 9. f4 f6 10. exf6 exf6 11. Bh4 Qb6 12. e4 dxe4 13. Nxe4 O-O 14. Bc4+
Kh8 15. Nd6 Ne3 16. Nf7+ Rxf7 17. Bxf7 Bf5 18. Bf2 Qxb2 19. Rc1 Nxg2+ 20. Kf1
Bh3 21. Kg1 f5 22. Bc4 Bc3 23. Qd1 Bg4 24. Kxg2 Bxd1 25. Rhxd1 b5 26. Bb3 Bg7
27. c3 Qa3 28. Rc2 Qe7 29. Re1 Qf8 30. c4 b4 31. c5 Re8 32. Rce2 Rxe2 33. Rxe2
Bf6 34. Re6 Kg7 35. Rxc6 Be7 36. Rc7 Kh6 37. c6 Bd6 38. Rd7 Bxf4 39. c7 Qe8 40.
Rf7 Qc6+ 41. Kg1 Bxc7 42. h4 Bb6 0-1

[Event "Russian Championship B19 2016"]
[Site "Loo"]
[Date "2016.04.25"]
[Round "6.12"]
[White "Drygalov, Andrey"]
[Black "Mingazov, Almaz"]
[Result "0-1"]
[WhiteElo "2317"]
[BlackElo "2181"]
[PlyCount "148"]
[EventDate "2016.04.20"]

1. e4 c5 2. Nf3 d6 3. d4 cxd4 4. Nxd4 Nf6 5. Nc3 a6 6. Be3 e5 7. Nb3 Be6 8. f3
Be7 9. Qd2 O-O 10. O-O-O b5 11. g4 b4 12. Nd5 Bxd5 13. exd5 a5 14. Kb1 Qc7 15.
g5 Nh5 16. Bh3 f5 17. gxf6 Bxf6 18. Bg4 Nf4 19. Nd4 exd4 20. Bxf4 Na6 21. Bg5
Bxg5 22. Qxg5 a4 23. Qd2 b3 24. cxb3 axb3 25. a3 Kh8 26. Rc1 Nc5 27. Qxd4 Qf7
28. Ka1 Ra4 29. Rc4 Ra5 30. Rg1 Rfa8 31. Be6 Qf8 32. f4 Ra4 33. f5 Rxc4 34.
Qxc4 Qf6 35. Kb1 Qe5 36. Rg3 Qe1+ 37. Qc1 Qe4+ 38. Ka1 Qc2 39. Qb1 Qxh2 40. Rc3
Qe5 41. Qc1 Ra4 42. Qe3 Qxe3 43. Rxe3 Rd4 44. Re1 Nd3 45. Rg1 Rf4 46. Kb1 h5
47. Bd7 Rf2 48. Rh1 Kg8 49. Bb5 Rxb2+ 50. Ka1 Ra2+ 51. Kb1 Nf2 52. Rh4 Nd1 53.
Rh3 Rxa3 54. Be2 Nf2 55. Rxh5 Ne4 56. Bd3 Nc5 57. Bb5 Kf7 58. Rg5 Ne4 59. Kb2
Nxg5 60. Kxa3 Kf6 61. Kxb3 Kxf5 62. Kc3 Ke5 63. Bc6 Ne4+ 64. Kd3 Nf6 65. Ke3
Nxd5+ 66. Kf3 Nf6 67. Bb5 g5 68. Ke3 d5 69. Bf1 d4+ 70. Kf3 g4+ 71. Kg3 Ke4 72.
Kh4 Kf4 73. Bc4 Ne4 74. Be2 Nf2 0-1

[Event "Russian Championship B19 2016"]
[Site "Loo"]
[Date "2016.04.25"]
[Round "6.13"]
[White "Feoktistov, Nikita"]
[Black "Mikheev, Aleksey"]
[Result "0-1"]
[WhiteElo "2194"]
[BlackElo "2268"]
[PlyCount "88"]
[EventDate "2016.04.20"]

1. d4 Nf6 2. c4 g6 3. Nc3 Bg7 4. e4 d6 5. f3 O-O 6. Be3 b6 7. Qd2 c5 8. Nge2
Nc6 9. d5 Ne5 10. b3 a6 11. a4 Ne8 12. h3 Rb8 13. f4 Nd7 14. Ra2 e6 15. g3 exd5
16. exd5 Nc7 17. Bg2 b5 18. cxb5 axb5 19. O-O bxa4 20. bxa4 Nb6 21. Bf2 Nc4 22.
Qc1 Ba6 23. Rd1 Re8 24. Bf1 Qe7 25. Nb5 Bxb5 26. axb5 Ne3 27. Bxe3 Qxe3+ 28.
Qxe3 Rxe3 29. Kf2 Ree8 30. Ra7 Nxb5 31. Rd7 Rbd8 32. Rxd8 Rxd8 33. Rb1 Nc7 34.
Bg2 Kf8 35. Ke3 Ke7 36. h4 f5 37. Bf3 h6 38. Rb7 Kd7 39. Nc1 Ra8 40. Nd3 Ra2
41. Nxc5+ dxc5 42. d6 Kxd6 43. Rb6+ Ke7 44. Rxg6 Bd4+ 0-1

[Event "Russian Championship B19 2016"]
[Site "Loo"]
[Date "2016.04.25"]
[Round "6.14"]
[White "Kovalev, Egor"]
[Black "Lavrinenko, Aleksandr"]
[Result "1-0"]
[WhiteElo "2207"]
[BlackElo "1969"]
[PlyCount "55"]
[EventDate "2016.04.20"]

1. e4 c5 2. Nf3 d6 3. d4 cxd4 4. Nxd4 Nf6 5. Nc3 a6 6. h3 e5 7. Nde2 h5 8. Bg5
Be6 9. Bxf6 Qxf6 10. Nd5 Qd8 11. Nec3 Nc6 12. Bc4 Rc8 13. Bb3 Nd4 14. O-O g5
15. Ne3 Nxb3 16. cxb3 g4 17. hxg4 hxg4 18. g3 Qg5 19. Kg2 Qg6 20. Qd3 Be7 21.
Ncd5 Bg5 22. Nf5 Rc6 23. Rh1 Rh3 24. Rad1 a5 25. Nxd6+ Rxd6 26. Nc7+ Kd7 27.
Qxd6+ Kc8 28. Qf8+ 1-0

[Event "Russian Championship B19 2016"]
[Site "Loo"]
[Date "2016.04.25"]
[Round "6.15"]
[White "Karpinskiy, Kirill"]
[Black "Tarasov, Alexandr"]
[Result "0-1"]
[WhiteElo "1984"]
[BlackElo "2348"]
[PlyCount "58"]
[EventDate "2016.04.20"]

1. d4 e6 2. Nf3 c5 3. c3 Nc6 4. e3 Nf6 5. Bd3 b6 6. O-O Be7 7. Nbd2 Bb7 8. dxc5
bxc5 9. e4 d5 10. Qc2 h6 11. Re1 O-O 12. exd5 exd5 13. Nf1 Qc7 14. Ng3 Rfe8 15.
Nf5 Bf8 16. Bd2 Re6 17. Qa4 Rae8 18. Qh4 Ne4 19. Bf4 Qc8 20. Qh3 Rf6 21. g4 g6
22. Nxh6+ Bxh6 23. Bxh6 Rxf3 24. Qxf3 Ne5 25. Qe2 Nxd3 26. Qxd3 Qxg4+ 27. Kf1
Re6 28. Rxe4 Rxe4 29. Re1 Ba6 0-1